00350nam a2200133Ia 4500003000400000005001700004008004100021040000900062082001500071100002000086245006900106260003100175300001000206OSt20200630150016.0190216s9999||||xx |||||||||||||| ||und|| coclc a909bGAR/U aGarrty, John A  4aThe University History Of The World /cJohn A Garrty ; Peter Gay bNew Oxford Edition,c1978. a1237p